000 00673nam a2200181Ia 4500
008 220216s9999 xx 000 0 und d
100 _aSatisha G C
245 0 _aComparative study of soils under rubber (Hevea brasiliensis) and forest with reference to ion exchange and pedogenic components
260 _bPLACROSYM XVIII. 10-13 December 2008, National Research Centre for Cashew, Puttur, Karnataka. Journal of Plantation Crops, 36 (3): 348-353.
_c2008
520 _aDL
650 _aIon exchange attributes
650 _aNatural forest
650 _aPedogenic components
650 _aSoils
700 _aKarthikakuttyamma M
700 _aSuresh P R
942 _cJS
999 _c55962
_d55962